|
|
|
|
| LEADER |
00000cam a2200000 7i4500 |
| 001 |
0000000239 |
| 005 |
20040220.0 |
| 020 |
0 |
0 |
|a 0851993079
|
| 090 |
0 |
0 |
|a 634.97377
|b MAY 1998
|
| 100 |
1 |
0 |
|a MAYHEW
|h J.E. (John E.)
|
| 245 |
1 |
4 |
|a The silviculture of mahogany
|c J.E. Mayhew and A.C. Newton
|
| 260 |
0 |
0 |
|a Oxon, U.K. :
|b CAB International ,
|c 1998
|
| 300 |
|
|
|a xi, 226 p. :
|b ill. ;
|c 25 cm.
|
| 500 |
0 |
0 |
|a Includes bibliographical references and index
|
| 650 |
0 |
0 |
|a Forests and forestry
|
| 650 |
0 |
0 |
|a Honduras mahogany
|
| 650 |
0 |
0 |
|a Tree farms
|
| 700 |
0 |
1 |
|a Newton
|h Adrian C.
|
| 998 |
|
|
|a JPSM
|
| 999 |
|
|
|a 0000001455
|b Monograph
|c Open Shelf
|e Default branch
|